[Event "HUN-ch U14"]
[Site "Balatonlelle"]
[Date "2019.06.24"]
[Round "5"]
[White "Farkas, Otto Jr"]
[Black "Fesus, Marcell"]
[Result "1-0"]
[WhiteElo "1859"]
[BlackElo "1426"]
[PlyCount "91"]
[EventDate "2019.06.21"]
[EventType "swiss"]
[EventRounds "9"]
[EventCountry "HUN"]
[SourceTitle "CBM 191 Extra"]
[Source "ChessBase"]
[SourceDate "2019.09.30"]
[SourceVersion "1"]
[SourceVersionDate "2019.09.30"]
[SourceQuality "1"]

1. e4 c5 2. Nf3 e6 3. d4 cxd4 4. Nxd4 a6 5. Nc3 b5 6. Qd3 Bb7 7. Be3 d6 8. f3 Nf6 9. 0-0-0 Qc7 10. Kb1 Nc6 11. Nxc6 Bxc6 12. Qd2 d5 13. exd5 Nxd5 14. Nxd5 Bxd5 15. Bd4 Rd8 16. b3 f6 17. Qe3 Rc8 18. Bd3 Be7 19. h4 Qb7 20. Rhe1 e5 21. Bb2 Bf7 22. Be4 Qc7 23. Bf5 Rd8 24. Rxd8+ Qxd8 25. f4 exf4 26. Qe2 Bg6 27. Bxg6+ hxg6 28. Ba3 Kf7 29. Qe6+ Ke8 30. Bxe7 Qd7 31. Qxa6 Kf7 32. Bb4 Re8 33. Rxe8 Qxe8 34. Qb7+ Kg8 35. Qd5+ Kh7 36. Qf3 g5 37. hxg5 fxg5 38. g3 fxg3 39. Qxg3 Qe4 40. Qd3 Qxd3 41. cxd3 Kg6 42. a4 bxa4 43. bxa4 g4 44. a5 g3 45. a6 g2 46. Bc5 1-0

[Event "HUN-ch U10"]
[Site "Balatonlelle"]
[Date "2016.06.25"]
[Round "2"]
[White "Fesus, Marcell"]
[Black "Fule, Simon"]
[Result "0-1"]
[WhiteElo "1173"]
[BlackElo "1623"]
[PlyCount "74"]
[EventDate "2016.06.24"]
[EventType "swiss"]
[EventRounds "9"]
[EventCountry "HUN"]
[SourceTitle "CBM 173 Extra"]
[Source "ChessBase"]
[SourceDate "2016.08.29"]
[SourceVersion "1"]
[SourceVersionDate "2016.08.29"]
[SourceQuality "1"]

1. e4 c5 2. Nf3 Nc6 3. d4 cxd4 4. Nxd4 Nf6 5. Nc3 d6 6. Bb5 Bd7 7. Nxc6 bxc6 8. Bd3 e6 9. 0-0 Be7 10. Re1 0-0 11. b3 d5 12. e5 Ne8 13. Qh5 g6 14. Qf3 f6 15. Qe2 fxe5 16. Bb2 e4 17. Ba6 Bc5 18. Na4 Rxf2 19. Qxf2 Bxf2+ 20. Kxf2 Qa5 21. Be2 c5 22. Nc3 Qc7 23. Kg1 Nd6 24. Rf1 d4 25. Nd1 Bb5 26. Bxb5 Nxb5 27. Nf2 e3 28. Ne4 Nd6 29. Nxd6 Qxd6 30. Rfd1 Qf4 31. Rf1 Qe4 32. Rac1 e2 33. Rfe1 Rf8 34. a3 Qe3+ 35. Kh1 Qf2 36. Rg1 Rf5 37. Rce1 Qxe1 0-1